[Event "Rewal op-B 16th"]
[Site "Rewal"]
[Date "2011.08.25"]
[Round "6"]
[White "Klementowski, Dawid"]
[Black "Zezulkin, Alina"]
[Result "1-0"]
[WhiteElo "1623"]
[BlackElo "1583"]
[PlyCount "89"]
[EventDate "2011.08.18"]
[EventType "swiss"]
[EventRounds "9"]
[EventCountry "POL"]
[SourceTitle "CBM 144 Extra"]
[Source "ChessBase"]
[SourceDate "2011.10.28"]
[SourceVersion "1"]
[SourceVersionDate "2011.10.28"]
[SourceQuality "1"]

1. e4 c5 2. Nf3 Nc6 3. Bb5 d6 4. Bxc6+ bxc6 5. h3 Nf6 6. d3 g6 7. Nc3 Bg7 8. 0-0 0-0 9. Be3 Qb6 10. Na4 Qa5 11. c4 Bd7 12. Bd2 Qc7 13. Bc3 Rab8 14. Qc2 Rfd8 15. Kh1 Qc8 16. h4 Bg4 17. Nh2 Bh6 18. Bxf6 exf6 19. f3 Be6 20. f4 f5 21. e5 dxe5 22. fxe5 Bf8 23. Nf3 Qd7 24. Rad1 Be7 25. b3 Kg7 26. Qf2 Qc7 27. Nxc5 Qa5 28. Nxe6+ fxe6 29. Nd4 Qxe5 30. Nxc6 Qf6 31. Nxb8 Rxb8 32. Rfe1 Rd8 33. Qg3 Bd6 34. Qg5 Qd4 35. Rxe6 Rf8 36. h5 Bf4 37. Qe7+ Rf7 38. Qh4 g5 39. h6+ Kf8 40. Qe1 Qd8 41. Qb4+ Kg8 42. Rde1 Rf8 43. Qe7 Qxe7 44. Rxe7 Rf7 45. Re8+ 1-0

[Event "Rewal op-B 16th"]
[Site "Rewal"]
[Date "2011.08.23"]
[Round "4"]
[White "Sroka, Janusz"]
[Black "Zezulkin, Alina"]
[Result "1-0"]
[WhiteElo "2088"]
[BlackElo "1583"]
[PlyCount "41"]
[EventDate "2011.08.18"]
[EventType "swiss"]
[EventRounds "9"]
[EventCountry "POL"]
[SourceTitle "CBM 144 Extra"]
[Source "ChessBase"]
[SourceDate "2011.10.28"]
[SourceVersion "1"]
[SourceVersionDate "2011.10.28"]
[SourceQuality "1"]

1. e4 c5 2. g3 Nc6 3. Bg2 g6 4. d3 Bg7 5. f4 d6 6. Nf3 Nf6 7. 0-0 0-0 8. Nc3 Bd7 9. h3 Qc8 10. Kh2 h5 11. Nh4 Kh7 12. Ne2 Bh6 13. Ng1 Nd4 14. c3 Ne6 15. Ngf3 Rg8 16. Ng5+ Kg7 17. Qf3 Nh7 18. Nxe6+ Bxe6 19. f5 Bd7 20. fxg6 fxg6 21. Qf7+ 1-0

[Event "POL-ch U16 Girls"]
[Site "Murzasichle"]
[Date "2011.03.12"]
[Round "9"]
[White "Kaczor, Katarzyna"]
[Black "Zezulkin, Alina"]
[Result "0-1"]
[WhiteElo "1614"]
[BlackElo "1600"]
[PlyCount "84"]
[EventDate "2011.03.05"]
[EventType "swiss"]
[EventRounds "9"]
[EventCountry "POL"]
[SourceTitle "EXT 2013"]
[Source "ChessBase"]
[SourceDate "2012.11.22"]
[SourceVersion "1"]
[SourceVersionDate "2012.11.22"]
[SourceQuality "1"]

1. e4 c5 2. Nf3 Nc6 3. d4 cxd4 4. Nxd4 Nf6 5. Nc3 e5 6. Ndb5 d6 7. Bg5 a6 8. Na3 b5 9. Nd5 Be7 10. Bxf6 Bxf6 11. c3 Ne7 12. Nxf6+ gxf6 13. Qf3 f5 14. exf5 Bxf5 15. Bd3 Be6 16. 0-0 f5 17. Qh5+ Bf7 18. Qh6 Qd7 19. Nc2 Qe6 20. Qxe6 Bxe6 21. Rfe1 Rg8 22. a4 e4 23. Bf1 bxa4 24. Red1 Bb3 25. Rd2 Kf7 26. Nd4 a5 27. Nxb3 axb3 28. Bc4+ d5 29. Bxd5+ Nxd5 30. Rxd5 Rgd8 31. Rxf5+ Ke6 32. Rb5 a4 33. Kf1 Rd2 34. Rxb3 axb3 35. Rxa8 Rxb2 36. Rb8 Kd5 37. Rb4 Rb1+ 38. Ke2 b2 39. g3 e3 40. f4 Rh1 41. Rxb2 Rxh2+ 42. Kxe3 Rxb2 0-1

[Event "Rewal op-B 15th"]
[Site "Rewal"]
[Date "2010.08.26"]
[Round "7"]
[White "Zezulkin, Alina"]
[Black "Mirski, Roman1111"]
[Result "0-1"]
[WhiteElo "1615"]
[BlackElo "1592"]
[PlyCount "90"]
[EventDate "2010.08.18"]
[EventType "swiss"]
[EventRounds "9"]
[EventCountry "POL"]
[SourceTitle "EXT 2014"]
[Source "ChessBase"]
[SourceDate "2013.11.20"]
[SourceVersion "1"]
[SourceVersionDate "2013.11.20"]
[SourceQuality "1"]

1. e4 c5 2. Nf3 Nc6 3. d4 cxd4 4. Nxd4 d6 5. Nc3 g6 6. Be3 Bg7 7. Qd2 Nf6 8. f3 0-0 9. Bc4 Bd7 10. Bb3 Rc8 11. 0-0-0 Ne5 12. Kb1 Qa5 13. Bg5 Nc4 14. Bxc4 Rxc4 15. Nb3 Qb4 16. e5 dxe5 17. Bxf6 Bxf6 18. Qxd7 Rfc8 19. Nd5 Qa4 20. Qxa4 Rxa4 21. Nxf6+ exf6 22. Rd7 b6 23. Rhd1 f5 24. Re7 e4 25. fxe4 Rxe4 26. Rxe4 fxe4 27. g4 Rc7 28. Re1 Re7 29. Nd4 Kg7 30. c3 Kf6 31. h4 Re8 32. Nb5 Ke5 33. g5 Kf4 34. Nd6 Re7 35. Nxf7 e3 36. Nd6 Kf3 37. Rf1+ Kg2 38. Re1 Kf2 39. Rxe3 Kxe3 40. Kc2 Kf4 41. Kb3 Kg4 42. Kc4 Kxh4 43. a4 Kxg5 44. Kb5 h5 45. Ka6 h4 0-1

[Event "Rewal op-B 15th"]
[Site "Rewal"]
[Date "2010.08.24"]
[Round "5"]
[White "Zawada, Jozef"]
[Black "Zezulkin, Alina"]
[Result "1-0"]
[WhiteElo "1838"]
[BlackElo "1615"]
[PlyCount "61"]
[EventDate "2010.08.18"]
[EventType "swiss"]
[EventRounds "9"]
[EventCountry "POL"]
[SourceTitle "EXT 2014"]
[Source "ChessBase"]
[SourceDate "2013.11.20"]
[SourceVersion "1"]
[SourceVersionDate "2013.11.20"]
[SourceQuality "1"]

1. d4 Nf6 2. c4 g6 3. Nc3 d5 4. e3 Bg7 5. Nf3 0-0 6. Bd3 c5 7. 0-0 b6 8. dxc5 bxc5 9. cxd5 Bb7 10. e4 Nbd7 11. h3 Nb6 12. Be3 Rc8 13. Rc1 a6 14. b3 Re8 15. Bc4 Nfd7 16. Qd3 Nxc4 17. bxc4 e6 18. Rb1 Ba8 19. Rb3 exd5 20. exd5 Qa5 21. a3 Rb8 22. Ne2 Rxb3 23. Qxb3 Rb8 24. Qd3 Rb2 25. Nc1 Nb6 26. Nd2 Qa4 27. Bxc5 Nd7 28. Be3 Ne5 29. Qe4 Rc2 30. Ncb3 Rc3 31. Bd4 1-0

[Event "POL-chT U19 1th League"]
[Site "Gorzow Wielkopolski"]
[Date "2008.07.08"]
[Round "4.23"]
[White "Zezulkin, Alina"]
[Black "Bukwa, Karolina"]
[Result "0-1"]
[WhiteElo "1641"]
[BlackElo "1855"]
[PlyCount "54"]
[EventDate "2008.07.05"]
[EventType "team-tourn"]
[EventRounds "9"]
[EventCountry "POL"]
[SourceTitle "EXT 2019"]
[Source "ChessBase"]
[SourceDate "2018.10.10"]
[SourceVersion "1"]
[SourceVersionDate "2018.10.10"]
[SourceQuality "1"]
[WhiteTeam "Kozuchow Odrodzenie U19"]
[BlackTeam "Legnica Miedz U19"]
[WhiteTeamCountry "POL"]
[BlackTeamCountry "POL"]

1. e4 c6 2. d4 d5 3. Nc3 b5 4. a3 dxe4 5. Nxe4 Bf5 6. Ng3 Bg6 7. h4 h6 8. Nf3 Nd7 9. h5 Bh7 10. Bd3 Bxd3 11. Qxd3 Ngf6 12. Bf4 e6 13. b4 Nd5 14. Be3 Be7 15. Rc1 a5 16. c3 axb4 17. cxb4 Rxa3 18. Qb1 Bxb4+ 19. Kf1 Qc7 20. Ne2 Qd6 21. Bd2 Bxd2 22. Nxd2 0-0 23. Ne4 Qb4 24. Qc2 Rc8 25. Rb1 Qa4 26. Qc1 N7b6 27. Qc5 Ra1 0-1

[Event "POL-chT U19 1th League"]
[Site "Gorzow Wielkopolski"]
[Date "2008.07.06"]
[Round "2.29"]
[White "Zezulkin, Alina"]
[Black "Piekarska, Anna"]
[Result "1-0"]
[WhiteElo "1641"]
[BlackElo "1822"]
[PlyCount "75"]
[EventDate "2008.07.05"]
[EventType "team-tourn"]
[EventRounds "9"]
[EventCountry "POL"]
[SourceTitle "EXT 2019"]
[Source "ChessBase"]
[SourceDate "2018.10.10"]
[SourceVersion "1"]
[SourceVersionDate "2018.10.10"]
[SourceQuality "1"]
[WhiteTeam "Kozuchow Odrodzenie U19"]
[BlackTeam "Wroclaw MUKS MDK Srodmiescie U19"]
[WhiteTeamCountry "POL"]
[BlackTeamCountry "POL"]

1. e4 e5 2. Nf3 Nc6 3. d4 exd4 4. Nxd4 Qf6 5. Be3 Bc5 6. c3 Nge7 7. Be2 0-0 8. 0-0 d5 9. Bf3 dxe4 10. Bxe4 Bd6 11. Nd2 Bd7 12. N2f3 Ne5 13. Bg5 Nxf3+ 14. Nxf3 Qe6 15. Re1 Qg4 16. h3 Qh5 17. Bxe7 Bxe7 18. Qxd7 Bd6 19. Qa4 c6 20. Rad1 Rad8 21. Bc2 f5 22. Qb3+ Kh8 23. Bd3 g5 24. Re3 g4 25. Nd4 Bf4 26. Ree1 gxh3 27. g3 Rxd4 28. cxd4 Qf3 29. Bf1 h2+ 30. Kxh2 Qh5+ 31. Bh3 Bd6 32. Qe6 Bb8 33. Qe7 Rg8 34. Qf6+ Rg7 35. Qxf5 Rg5 36. Re8+ Kg7 37. Qf8+ Kg6 38. Re6# 1-0

[Event "POL 14th Olympiade U14 Girls"]
[Site "Szczawno Zdroj"]
[Date "2008.05.04"]
[Round "10"]
[White "Gadzinowska, Anna"]
[Black "Zezulkin, Alina"]
[Result "1/2-1/2"]
[WhiteElo "1672"]
[BlackElo "1635"]
[PlyCount "67"]
[EventDate "2008.04.27"]
[EventType "swiss"]
[EventRounds "10"]
[EventCountry "POL"]
[SourceTitle "EXT 2009"]
[Source "ChessBase"]
[SourceDate "2008.11.26"]
[SourceVersion "1"]
[SourceVersionDate "2008.11.26"]
[SourceQuality "1"]

1. d4 Nf6 2. c4 g6 3. Nf3 Bg7 4. Nc3 d5 5. Bf4 Bg4 6. Qb3 Bxf3 7. exf3 Nc6 8. Nxd5 Nxd5 9. cxd5 Nxd4 10. Qa4+ Qd7 11. Qxd7+ Kxd7 12. 0-0-0 Rhd8 13. Be3 Nf5 14. Bb5+ Kc8 15. Bc5 a6 16. Ba4 b5 17. Bb3 Nd6 18. Rhe1 Rd7 19. Bxd6 exd6 20. Re8+ Kb7 21. Rxa8 Kxa8 22. Re1 Kb7 23. a4 c6 24. dxc6+ Kxc6 25. axb5+ axb5 26. Re8 Bd4 27. Re2 d5 28. Kc2 Bc5 29. Kd3 f6 30. Re6+ Rd6 31. Re2 Rd7 32. Re6+ Rd6 33. Re2 Rd7 34. Re6+ 1/2-1/2

[Event "POL 14th Olympiade U14 Girls"]
[Site "Szczawno Zdroj"]
[Date "2008.05.01"]
[Round "7"]
[White "Zezulkin, Alina"]
[Black "Lach, Aleksandra"]
[Result "0-1"]
[WhiteElo "1635"]
[BlackElo "2063"]
[PlyCount "78"]
[EventDate "2008.04.27"]
[EventType "swiss"]
[EventRounds "10"]
[EventCountry "POL"]
[SourceTitle "EXT 2009"]
[Source "ChessBase"]
[SourceDate "2008.11.26"]
[SourceVersion "1"]
[SourceVersionDate "2008.11.26"]
[SourceQuality "1"]

1. e4 c5 2. Nf3 d6 3. d4 cxd4 4. Nxd4 Nf6 5. Nc3 a6 6. Be3 e5 7. Nf3 Be7 8. Bc4 Be6 9. Bb3 0-0 10. 0-0 Qc7 11. Qd3 b5 12. Bg5 Nbd7 13. Be3 Rfd8 14. Ng5 Bxb3 15. axb3 Nc5 16. Bxc5 dxc5 17. Qe3 b4 18. Ne2 h6 19. Nf3 Ng4 20. Qc1 c4 21. h3 Nf6 22. Ng3 c3 23. Re1 Bf8 24. Ra2 g6 25. Qa1 a5 26. bxc3 bxc3 27. Re3 Bb4 28. Ne2 Rac8 29. Ne1 Rd7 30. Nd3 Rcd8 31. Ra4 Kg7 32. Kh2 Rb8 33. Kg1 Ng8 34. Kh2 Ne7 35. Nxb4 axb4 36. f3 Rd2 37. Qc1 Qc5 38. Rd3 Rxe2 39. Qd1 Qf2 0-1

[Event "POL-chT2 U20 Girls"]
[Site "Lublin"]
[Date "2007.07.12"]
[Round "7"]
[White "Zezulkin, Alina"]
[Black "Staniszewska, Adrianna"]
[Result "0-1"]
[WhiteElo "1685"]
[BlackElo "1768"]
[PlyCount "56"]
[EventDate "2007.07.07"]
[EventType "team-tourn"]
[EventRounds "11"]
[EventCountry "POL"]
[SourceTitle "EXT 2010"]
[Source "ChessBase"]
[SourceDate "2010.11.25"]
[SourceVersion "1"]
[SourceVersionDate "2010.11.25"]
[SourceQuality "1"]

1. e4 c5 2. Nf3 d6 3. d4 cxd4 4. Nxd4 Nf6 5. Nc3 Nc6 6. f3 Qb6 7. Nb3 e6 8. Bf4 Ne5 9. Qd2 Be7 10. 0-0-0 a6 11. Be2 Nfd7 12. Be3 Qc7 13. f4 Nc4 14. Bxc4 Qxc4 15. f5 0-0 16. g4 b5 17. a3 a5 18. Qd3 Qxd3 19. Rxd3 Ne5 20. Rdd1 Nxg4 21. Bb6 b4 22. axb4 axb4 23. h3 Ne5 24. Ne2 exf5 25. exf5 Bxf5 26. Bc7 Rfc8 27. Ned4 Bxc2 28. Nxc2 Rxc7 0-1

[Event "POL-chT2 U20 Girls"]
[Site "Lublin"]
[Date "2007.07.10"]
[Round "5"]
[White "Bukwa, Karolina"]
[Black "Zezulkin, Alina"]
[Result "0-1"]
[WhiteElo "1860"]
[BlackElo "1685"]
[PlyCount "86"]
[EventDate "2007.07.07"]
[EventType "team-tourn"]
[EventRounds "11"]
[EventCountry "POL"]
[SourceTitle "EXT 2010"]
[Source "ChessBase"]
[SourceDate "2010.11.25"]
[SourceVersion "1"]
[SourceVersionDate "2010.11.25"]
[SourceQuality "1"]

1. d4 Nf6 2. c4 g6 3. g3 Bg7 4. Bg2 c5 5. d5 d6 6. Nc3 0-0 7. Nf3 Qc7 8. 0-0 e6 9. Nb5 Qb6 10. Nc3 exd5 11. cxd5 Bf5 12. Nh4 Bg4 13. h3 Bd7 14. e4 Re8 15. Qc2 Na6 16. a3 Nc7 17. Re1 Ncxd5 18. Nxd5 Nxd5 19. Qd3 Nc7 20. Bf4 Nb5 21. a4 Nd4 22. a5 Qc7 23. Rac1 Bb5 24. Qd1 Rad8 25. b4 b6 26. Nf3 Nxf3+ 27. Qxf3 Bd4 28. axb6 axb6 29. Red1 Bc6 30. Qb3 Qd7 31. Qd3 Bb5 32. Qb1 Ra8 33. bxc5 bxc5 34. e5 Ra1 35. Qe4 Rxc1 36. Rxc1 dxe5 37. Bh6 Qf5 38. Qe1 c4 39. Bf1 Rc8 40. Be3 Qd7 41. Qe2 Rb8 42. Rb1 Qf5 43. Rc1 c3 0-1